Noem de 36 bekendste vruchten - Quiz met fruit 3 - Statistieken

Algemene statistieken
  • Deze quiz is 117 keer genomen
  • De gemiddelde score is 18 van 36
Antwoordstatistieken
Hint Antwoord % Correct
A Appel
98%
B Banaan
94%
Aardbei
88%
D Druif
85%
P Peer
85%
S Sinaasappel
77%
C Citroen
74%
Mango
74%
Mandarijn
71%
Ananas
68%
M Meloen
65%
F Framboos
64%
Kiwi
62%
Perzik
62%
Abrikoos
56%
L Limoen
56%
Bes
55%
Braam
50%
N Nectarine
47%
Pruim
44%
K Kers
42%
T Tomaat
42%
Passievrucht
41%
V Vijg
36%
Dadel
35%
Granaatappel
33%
G Grapefruit
33%
Avocado
30%
Lychee
26%
. . . . . bes Kruisbes
20%
Papaja
15%
Cranberry
14%
Guave
8%
Pomelo
8%
Pompelmoes
8%
R Rozenbottel
5%
Geen overeenkomende quizzen gevonden
Scoreverdeling
Procent van Mensen met Elke Score
Percentiel versus Aantal Correcte Antwoorden
Uw Scoregeschiedenis
U heeft deze quiz nog niet genomen